000 00343nam a22001457a 4500
008 250423b ||||| |||| 00| 0 eng d
020 _a9780870714894
041 _aeng
080 _21984
_a101PAU
082 _2101PAU
_a101PAU
100 _a42
101 _aFILOZOFI
245 _aSCIENTIST AND PEACEMAKER
_cLINUS PAULING
942 _2udc
_cBK
999 _c60705
_d60705